Normal view
MARC view
- Delitos sexuales
Entry Materia
001 - NÚMERO DE CONTROL DEL REGISTRO
- campo de control: 7343
003 - IDENTIFICADOR DE NUMERO DE CONTROL
- campo de control: UPN
005 - FECHA Y HORA DE LA ÚLTIMA TRANSACCIÓN
- campo de control: 20230302170641.0
008 - DATOS DE LONGITUD FIJA
- campo de control de longitud fija: 230302nn anznnbabn a ana |d
035 ## - NÚMERO DE CONTROL DEL SISTEMA
- Número de control del sistema: UPN10000007347
040 ## - FUENTE DE LA CATALOGACIÓN
- Lengua de catalogación: spa
- Centro catalogador de origen: MX-MxUPN
046 ## - FECHAS CON CODIFICACIÓN ESPECIAL
- Fecha final para contenidos agregados: 2023
053 #4 - NÚMERO CLASIFICADOR - BIBLIOTECA DEL CONGRESO (LC)
- Elemento numérico de la clasificación - Número único o no. inicial del rango: RC560 S47
- Frase explicativa: Problemas sexuales
053 #4 - NÚMERO CLASIFICADOR - BIBLIOTECA DEL CONGRESO (LC)
- Elemento numérico de la clasificación - Número único o no. inicial del rango: HQ71
- Elemento numérico de la clasificación - Número único o no. final del rango: HQ72
- Frase explicativa: Conducta sexual
150 ## - ENCABEZAMIENTO - TEMÁTICO
- Término de materia o nombre geográfico como elemento inicial: Delitos sexuales
450 ## - VÉASE - MATERIA
- Encabezamiento temático: Crímenes sexuales
670 ## - FUENTE EN LA QUE SE LOCALIZARON DATOS
- Cita de la fuente: Escamilla González, G. Lista de encabezamientos de materia, 1978:
- Información localizada: página 243 (Delitos sexuales)
902 ## - CATALOGADOR
- Catalogador: JMG/120294
